| 000 | 00000nam##2200000za#4500 |
| 001 | 9.578825 |
| 003 | CaOODSP |
| 005 | 20210624190253 |
| 007 | cr ||||||||||| |
| 008 | 150406|2010||||xxc|||||o f|0| 0 eng|d |
| 040 | |aCaOODSP|beng |
| 043 | |an-cn--- |
| 086 | 1 |aFs3-6/2010-04E-PDF |
| 110 | 1 |aCanada. |bDepartment of Fisheries and Oceans. |
| 245 | 10|aEastern Georges Bank haddock [5Zjm; 551,552,561,562] |h[electronic resource] |
| 250 | |aRevised March 2012 |
| 260 | |aOttawa - Ontario : |bFisheries and Oceans Canada |cJuly 2010. |
| 300 | |a6p.|bgraphs, map, references, tables |
| 490 | 1 |aTransboundary Resource Assessment Committee status report |v2010/04 (revised) |
| 590 | |a14-12-Supp|b2014-05-30 |
| 775 | 08|tAiglefin de l'est du banc Georges [5Zjm; 551,552,561,562] |w(CaOODSP)9.606594 |
| 830 | #0|aTransboundary Resource Assessment Committee status report ;|v2010/04 (revised)|w(CaOODSP)9.507743 |
| 856 | 40|ahttp://publications.gc.ca|qPDF|s67 KB|uhttps://publications.gc.ca/collections/collection_2014/mpo-dfo/Fs3-6-2010-04-eng.pdf|y2010/04 (revised) |